000 00539nam a22001697a 4500
999 _c14782
_d14782
003 AR-CdUCM
008 190424b ||||| |||| 00| 0 spa d
040 _aMUNICIPALIDAD PROVINCIAL DEL CUSCO
_cBIBLIOTECA MUNICIPAL DEL CUSCO
082 _aC / 985.61 /
_bM966
110 _aMunicipalidad del Cusco
_9876
245 _aBoletín resumen de las fiestas del Cusco /
260 _aCusco :
_bMunicipalidad del Cusco,
_c1999.
300 _a32 páginas ;
_c21 cm.
650 _aFiestas del Cusco.
_913258
942 _2ddc
_cFOLLETOS
945 _awfj